Sahityapadhanathinu oru amugham/ (Record no. 168756)

000 -LEADER
fixed length control field 00274nam a22001091a 4500
082 ## - DEWEY DECIMAL CLASSIFICATION NUMBER
Classification number M8
Item number VAS/S
245 ## - TITLE STATEMENT
Title Sahityapadhanathinu oru amugham/
Statement of responsibility, etc. by Vasanthan S K (tr.).
260 ## - PUBLICATION, DISTRIBUTION, ETC.
Place of publication, distribution, etc.
Name of publisher, distributor, etc.
Date of publication, distribution, etc.
650 ## - SUBJECT ADDED ENTRY--TOPICAL TERM
Topical term or geographic name entry element Literature Malayalam
700 ## - ADDED ENTRY--PERSONAL NAME
Personal name Vasanthan S K (tr.)
942 ## - ADDED ENTRY ELEMENTS (KOHA)
Koha item type Book
Holdings
Withdrawn status Lost status Damaged status Not for loan Permanent Location Current Location Shelving location Date acquired Total Checkouts Full call number Barcode Date last seen Price effective from Koha item type
        RC Thiruvananthapuram RC Thiruvananthapuram   22.11.2018   M8 VAS/S TV014857 22.11.2018 22.11.2018 Book